Another level v one dimension (Record no. 84853)

MARC details
000 -LEADER
fixed length control field 00676cab a22002175a 4500
001 - CONTROL NUMBER
control field L159262
008 - FIXED-LENGTH DATA ELEMENTS--GENERAL INFORMATION
fixed length control field 120731s2016 xxka f 000 0 eng d
035 ## - SYSTEM CONTROL NUMBER
System control number (Sirsi) u159262
041 0# - LANGUAGE CODE
Language code of text/sound track or separate title eng
050 ## - LIBRARY OF CONGRESS CALL NUMBER
Classification number 692.0285 $2 18
100 1# - MAIN ENTRY--PERSONAL NAME
Personal name Horne, Rob
245 00 - TITLE STATEMENT
Title Another level v one dimension
260 ## - PUBLICATION, DISTRIBUTION, ETC.
Date of publication, distribution, etc. 2016
490 ## - SERIES STATEMENT
Series statement Civil Engineering Surveyor
Volume/sequential designation April 2016, 42-43(2)
520 ## - SUMMARY, ETC.
Summary, etc. Discusses pros and cons of using complex BIM, including all levels and dimensions. Comments on risks involved in implementation of BIM level 3.
650 24 - SUBJECT ADDED ENTRY--TOPICAL TERM
Topical term or geographic name entry element DESIGN PROCESS
650 24 - SUBJECT ADDED ENTRY--TOPICAL TERM
Topical term or geographic name entry element INTELLECTUAL PROPERTY
651 #4 - SUBJECT ADDED ENTRY--GEOGRAPHIC NAME
Geographic name United Kingdom
Chronological subdivision
690 ## - LOCAL SUBJECT ADDED ENTRY--TOPICAL TERM (OCLC, RLIN)
Topical term or geographic name as entry element BIM
9 (RLIN) 6219
942 ## - ADDED ENTRY ELEMENTS (KOHA)
Suppress in OPAC 0
Holdings
Withdrawn status Lost status Source of classification or shelving scheme Damaged status Not for loan Home library Current library Shelving location Date acquired Total Checkouts Full call number Barcode Date last seen Copy number Price effective from Koha item type
    Dewey Decimal Classification     London London Journal article 08/04/2016   L159262 159262-1001 06/08/2019 1 06/08/2019 Journal article